Arte y mito

Sparad:
Bibliografiska uppgifter
Huvudupphovsman: Grassi, Ernesto (Författare, medförfattare)
Materialtyp: Bok
Språk:spanska
Publicerad: Buenos Aires Nueva Visión 1968
Serie:Colección Ensayos
Ämnen:
Taggar: Lägg till en tagg
Inga taggar, Lägg till första taggen!

MARC

LEADER 00000nam a2200000 a 4500
001 UCW0002
003 CL-VaPUC
008 930826e19680000AG |||||||||||||||||spa|d
082 0 4 |a 701.17  |b GRA  |2 21 
100 |a Grassi, Ernesto  |e author  |9 389 
245 1 0 |a Arte y mito 
300 |a 180 p 
942 |c BK 
945 |d 19930826 00:00:00 
260 |a Buenos Aires  |b Nueva Visión  |c 1968 
650 0 |a Estética   |9 264950 
650 7 |a MITO  |2 CL-VaPUC  |9 269008 
583 |a last modification  |c 19930826 00:00:00  |k Rodrigo Vera 
490 0 |a Colección Ensayos 
999 |c 215259  |d 215257 
952 |0 0  |1 0  |4 0  |6 701_170000000000000_GRA_1968  |7 0  |8 A  |9 199329  |a BIBARQ  |b BIBARQ  |d 2019-11-14  |i 2666375  |o 701.17 GRA 1968  |p 2666375  |r 2025-01-20  |w 2019-11-14  |y BK  |k ARQ